000 00358nam a2200145Ia 4500
008 191201s2004 xx 000 0 und d
082 _a621.313
_bBHE
100 _aBHATTACHARYA, S K
245 0 _aElectrical Machines
250 _a2nd
260 _aN.Delhi
_bTata McGraw Hill Pub. co. Ltd
_c2004
300 _a545
650 _aB.Tech(ECE)
942 _2ddc
_cBK
999 _c1027
_d1027